[Event "FRA-ch U14"]
[Site "Le Grand Bornand"]
[Date "2007.04.??"]
[Round "4"]
[White "Billon, Olivier"]
[Black "Ollier, Milan"]
[Result "1-0"]
[WhiteElo "1883"]
[BlackElo "1817"]
[PlyCount "95"]
[EventDate "2007.04.07"]
[EventType "swiss"]
[EventRounds "9"]
[EventCountry "FRA"]
[SourceTitle "CBM 118 Extra"]
[Source "ChessBase"]
[SourceDate "2007.07.04"]
[SourceVersion "1"]
[SourceVersionDate "2007.07.04"]
[SourceQuality "1"]

1. e4 c5 2. Nf3 Nc6 3. d4 cxd4 4. Nxd4 e5 5. Nb5 d6 6. N1c3 a6 7. Na3 b5 8. Nd5 Nge7 9. c3 Nxd5 10. Qxd5 Bb7 11. Qd1 Be7 12. Bd3 0-0 13. 0-0 Bg5 14. Qh5 Bxc1 15. Raxc1 Ne7 16. Rcd1 Ng6 17. g3 Qb6 18. Nc2 Ne7 19. Ne3 Qc6 20. Nd5 Rae8 21. Nxe7+ Rxe7 22. Qg5 f6 23. Qe3 f5 24. f3 f4 25. Qf2 Qe8 26. Bc2 Rf6 27. g4 g5 28. Qb6 Qg6 29. Rd2 Kg7 30. Qd8 Ref7 31. Bb3 d5 32. Bxd5 Rd6 33. Qe8 Bxd5 34. Qxe5+ Qf6 35. Qxf6+ Kxf6 36. exd5 Rfd7 37. Rfd1 Ke5 38. Kf2 Rxd5 39. Rxd5+ Rxd5 40. Rxd5+ Kxd5 41. b3 a5 42. Ke2 b4 43. cxb4 axb4 44. Kd3 Ke5 45. Kc4 h6 46. h3 Kd6 47. Kxb4 Kd5 48. Kc3 1-0